New Headway. Upper-Intermediate. Student's Book

Detaylı Bibliyografya
Yazar: Soars L. Liz
Diğer Yazarlar: Soars J. John
Dil:İngilizce
Baskı/Yayın Bilgisi: New York, Oxford University Press, 2006
Edisyon:third ed.
Konular:
Materyal Türü: MixedMaterials Kitap
KOHA link:https://koha.lib.tpu.ru/cgi-bin/koha/opac-detail.pl?biblionumber=128614

MARC

LEADER 00000nam0a2200000 4500
001 128614
005 20231031132902.0
010 |a 0194392996 
035 |a (RuTPU)RU\TPU\book\139146 
090 |a 128614 
100 |a 20080109d2006 m y0engy50 ba 
101 0 |a eng 
102 |a US 
105 |a a j 000zy 
200 1 |a New Headway. Upper-Intermediate. Student's Book  |f L. Soars, J. Soars 
205 |a third ed. 
210 |a New York  |c Oxford University Press  |d 2006 
215 |a 159 p.  |c ил. 
610 1 |a английский язык 
610 1 |a лексика 
610 1 |a грамматика 
610 1 |a разговорная речь 
610 1 |a упражнения 
610 1 |a учебные пособия 
686 |a Ш143.21-923  |v LBC/SL-A  |2 rubbk 
700 1 |a Soars  |b L.  |g Liz 
701 1 |a Soars  |b J.  |g John 
801 1 |a RU  |b 63413507  |c 20080109  |g PSBO 
801 2 |a RU  |b 63413507  |c 20230125  |g PSBO 
942 |c BK 
959 |a 96/20071224  |d 11  |e 469,00  |f ЧЗИЛ:1  |f ЯЦ_ЭЛТИ:10